Lisa - Thunder (Lyrics) - Statistics

General Stats
  • This quiz has been taken 21 times
  • The average score is 232 of 319
Answer Stats
Lyrics % Correct
a
100%
like
100%
like,
100%
Like,
100%
make
100%
Make
100%
that
100%
That
100%
thunder
100%
Big,
94%
big
94%
Got
94%
got
94%
little
94%
me,
94%
me
94%
so
94%
Something
94%
yeah
94%
Yeah,
94%
you
94%
You
94%
become
88%
did
88%
"How
88%
how
88%
I
88%
my
88%
My
88%
she
88%
the
88%
way
88%
way,
88%
who
88%
wonder
88%
Boom,
81%
boom,
81%
boom
81%
it
81%
It's
81%
it's
81%
uh-huh,
81%
uh-huh
81%
up
81%
When
81%
ego
75%
ground
75%
high
75%
in
75%
in,
75%
just
75%
know
75%
move
75%
No,
75%
now
75%
Now
75%
one
75%
shake
75%
sky
75%
take
75%
wanna
75%
what
75%
word
75%
alter
69%
Better
69%
coming
69%
feels
69%
fit
69%
gon'
69%
I'm
69%
see
69%
why
69%
ahead
63%
at
63%
'cause
63%
I'll
63%
look
63%
meet
63%
Might
63%
place
63%
space
63%
though
63%
by
56%
Careful
56%
drive
56%
gonna
56%
into
56%
star
56%
step
56%
underground
56%
baby,
50%
Baby,
50%
bit,
50%
can't
50%
crazy
50%
energy,
50%
everything,
50%
get
50%
put
50%
room
50%
box,
44%
contain
44%
do
44%
I'ma
44%
never
44%
said
44%
stop
44%
Taking
44%
teach
44%
to
44%
Try
44%
cannot
38%
done,
31%
don't
31%
mm,
31%
they
31%
any
25%
bigger
25%
collar
25%
come
25%
Eight
25%
eight
25%
figure
25%
figure,
25%
is
25%
Let
25%
not
25%
pocket
25%
realer,
25%
show
25%
top
25%
with
25%
ya
25%
are,
19%
bag
19%
poppin'
19%
rocket,
19%
this
19%
we
19%
apart
13%
break
13%
ta-da
13%
No,you
6%
um,
6%
er?"
0%
No matching quizzes found
Score Distribution
Percent of People with Each Score
Percentile by Number Answered
Your Score History
You have not taken this quiz